000 00613nam a2200205 4500
005 20260312121856.0
008 260312b |||||||| |||| 00| 0 eng d
020 _a978-93-6616-168-6
041 _aEnglish
082 _26th ed. 2025
_aPS 610.7365 SRE
_bSRE
100 _aSreevani R
_9217088
245 _aA Guide to Mental Health and Psychiatric Nursing for BSC Nursing sem V and VI
250 _a6th ed, 2025
260 _aNew Delhi
_bJaypee Brothers
_c2025
300 _axxxiv,553p.
_bPb
_c24x17cm
365 _aRupaye
_b795
_cINR
500 _aPsychiatric
650 _aPsychiatric
_9217089
942 _cBB
999 _c370711
_d370711